[Event "European Team-ch 2007"]
[Site "Crete GRE"]
[Date "2007.11.01"]
[Round "5.19"]
[White "Rapaire, Jean-Michel"]
[Black "Trevelyan, John"]
[Result "0-1"]
[WhiteElo "1966"]
[BlackElo "2191"]
[PlyCount "92"]
[EventDate "2007.10.28"]
[EventType "team"]
[EventRounds "9"]
[EventCountry "GRE"]
[Source "lmi"]
[SourceDate "2007.10.28"]
[WhiteTeam "Monaco"]
[BlackTeam "Wales"]
[WhiteTeamCountry "MNC"]
[BlackTeamCountry "WLS"]

1. e4 d6 2. d4 e5 3. dxe5 dxe5 4. Qxd8+ Kxd8 5. Bc4 f6 6. Be3 Nd7 7. Nc3 Bc5 8.
Ke2 c6 9. Rd1 Bxe3 10. Kxe3 Kc7 11. Be6 Nh6 12. f3 Re8 13. Bb3 Nc5 14. Nge2 b5
15. Nb1 a5 16. c3 f5 17. Bc2 f4+ 18. Kd2 b4 19. c4 Ba6 20. b3 Rad8+ 21. Kc1 a4
22. Rxd8 Rxd8 23. Rd1 Rxd1+ 24. Kxd1 a3 25. Nd2 Kd6 26. Ke1 Ke7 27. Kf2 Bc8 28.
Nf1 Nf7 29. Nd2 Nd8 30. Ke1 Nde6 31. Kf2 h6 32. g4 fxg3+ 33. hxg3 Kf6 34. Ke3
g5 35. Nf1 h5 36. f4 gxf4+ 37. gxf4 exf4+ 38. Nxf4 Nxf4 39. Kxf4 Ne6+ 40. Ke3
Ke5 41. Nd2 Ng5 42. Bd1 h4 43. Bf3 c5 44. Bh1 Bg4 45. Nf1 Bd1 46. Kd2 Bxb3 0-1

[Event "European Team-ch 2007"]
[Site "Crete GRE"]
[Date "2007.11.03"]
[Round "6.1"]
[White "Svidler, Peter"]
[Black "Sutovsky, Emil"]
[Result "1-0"]
[WhiteElo "2732"]
[BlackElo "2655"]
[PlyCount "123"]
[EventDate "2007.10.28"]
[EventType "team"]
[EventRounds "9"]
[EventCountry "GRE"]
[Source "lmi"]
[SourceDate "2007.10.28"]
[WhiteTeam "Russia"]
[BlackTeam "Israel"]
[WhiteTeamCountry "RUS"]
[BlackTeamCountry "ISR"]

1. e4 e5 2. Nf3 Nc6 3. Bb5 a6 4. Ba4 Nf6 5. O-O Nxe4 6. d4 b5 7. Bb3 d5 8. dxe5
Be6 9. Nbd2 Be7 10. c3 O-O 11. Re1 Nc5 12. Nd4 Nxd4 13. cxd4 Nxb3 14. Nxb3 a5
15. Qc2 Qd7 16. Bd2 Bf5 17. Nc5 Bxc2 18. Nxd7 Rfd8 19. Rac1 Bf5 20. Nc5 Ra7 21.
Bf4 b4 22. e6 fxe6 23. Nxe6 Bxe6 24. Rxe6 Bf6 25. Be5 Bxe5 26. Rxe5 Rd6 27. Re7
Kf8 28. Rexc7 Rxc7 29. Rxc7 Re6 30. Kf1 Re4 31. b3 Rxd4 32. Ra7 Rd2 33. Rxa5 d4
34. Ke1 Rb2 35. Rf5+ Kg8 36. Rd5 Rb1+ 37. Ke2 Rb2+ 38. Kf1 Rb1+ 39. Ke2 Rb2+
40. Kf3 Rd2 41. h4 Kf7 42. Rd7+ Kf6 43. g3 h5 44. Rd5 g6 45. Ke4 Rxf2 46. Kxd4
Rf3 47. Rg5 Rc3 48. Kd5 Kf7 49. Kd4 Kf6 50. a4 Rxb3 51. Kc4 Rb1 52. a5 b3 53.
Kc3 Kf7 54. Rb5 Rg1 55. a6 Ra1 56. Rb6 g5 57. hxg5 Rg1 58. a7 Ra1 59. Rb7+ Kg6
60. Kb2 Ra6 61. Rb6+ Rxb6 62. a8=Q 1-0

[Event "European Team-ch 2007"]
[Site "Crete GRE"]
[Date "2007.11.03"]
[Round "6.1"]
[White "Avrukh, Boris"]
[Black "Morozevich, Alexander"]
[Result "1/2-1/2"]
[WhiteElo "2641"]
[BlackElo "2755"]
[PlyCount "61"]
[EventDate "2007.10.28"]
[EventType "team"]
[EventRounds "9"]
[EventCountry "GRE"]
[Source "lmi"]
[SourceDate "2007.10.28"]
[WhiteTeam "Israel"]
[BlackTeam "Russia"]
[WhiteTeamCountry "ISR"]
[BlackTeamCountry "RUS"]

1. d4 Nf6 2. c4 e6 3. g3 d5 4. Bg2 dxc4 5. Nf3 a6 6. O-O Nc6 7. Nc3 Rb8 8. e4
Be7 9. Qe2 b5 10. Rd1 Nb4 11. Ne1 O-O 12. a3 Nc6 13. d5 exd5 14. e5 Bg4 15. Bf3
Bxf3 16. Nxf3 Re8 17. exf6 Bxf6 18. Qc2 d4 19. Qf5 g6 20. Qf4 Be5 21. Qe4 Qd6
22. Bg5 Bg7 23. Qh4 h6 24. Bxh6 Bxh6 25. Qxh6 Qf6 26. Ng5 dxc3 27. Qh7+ Kf8 28.
Qh4 Kg7 29. Qh7+ Kf8 30. Qh4 Kg7 31. Qh7+ 1/2-1/2

[Event "European Team-ch 2007"]
[Site "Crete GRE"]
[Date "2007.11.03"]
[Round "6.1"]
[White "Alekseev, Evgeny"]
[Black "Roiz, Michael"]
[Result "1/2-1/2"]
[WhiteElo "2716"]
[BlackElo "2644"]
[PlyCount "49"]
[EventDate "2007.10.28"]
[EventType "team"]
[EventRounds "9"]
[EventCountry "GRE"]
[Source "lmi"]
[SourceDate "2007.10.28"]
[WhiteTeam "Russia"]
[BlackTeam "Israel"]
[WhiteTeamCountry "RUS"]
[BlackTeamCountry "ISR"]

1. e4 e5 2. Nf3 Nc6 3. Bb5 a6 4. Ba4 Nf6 5. O-O Be7 6. Re1 b5 7. Bb3 d6 8. c3
O-O 9. h3 Nb8 10. d4 Nbd7 11. Nbd2 Bb7 12. Bc2 Re8 13. b3 Bf8 14. a4 g6 15. Bd3
c6 16. Qc2 Rc8 17. Bb2 Nh5 18. Bf1 exd4 19. Nxd4 Nhf6 20. N4f3 Bg7 21. c4 b4
22. g3 c5 23. Bg2 Qc7 24. Nh2 Re7 25. Re3 1/2-1/2

[Event "European Team-ch 2007"]
[Site "Crete GRE"]
[Date "2007.11.03"]
[Round "6.2"]
[White "Beliavsky, Alexander G"]
[Black "Mamedyarov, Shakhriyar"]
[Result "1/2-1/2"]
[WhiteElo "2646"]
[BlackElo "2752"]
[PlyCount "96"]
[EventDate "2007.10.28"]
[EventType "team"]
[EventRounds "9"]
[EventCountry "GRE"]
[Source "lmi"]
[SourceDate "2007.10.28"]
[WhiteTeam "Slovenija"]
[BlackTeam "Azerbaijan"]
[WhiteTeamCountry "SLO"]
[BlackTeamCountry "AZE"]

1. d4 Nf6 2. c4 e6 3. Nf3 d5 4. Nc3 Bb4 5. Bg5 Nbd7 6. cxd5 exd5 7. e3 c5 8.
Bd3 Qa5 9. Qc2 c4 10. Bf5 O-O 11. O-O Re8 12. Nd2 g6 13. Bh3 Kg7 14. Rae1 Ne4
15. Ndxe4 dxe4 16. Bh4 Nb6 17. Bxc8 Raxc8 18. f3 Bxc3 19. bxc3 Qd5 20. Bf6+ Kg8
21. Be5 Nd7 22. fxe4 Qe6 23. Rb1 Nxe5 24. dxe5 Rc7 25. Rb5 Rd7 26. Rd1 a6 27.
Rbd5 Rxd5 28. Rxd5 Qg4 29. h3 Qh4 30. Kh2 b5 31. a4 Qe1 32. axb5 axb5 33. Rxb5
Qxe3 34. Rd5 Rxe5 35. Rxe5 Qf4+ 36. g3 Qxe5 37. Kg2 h5 38. h4 Kf8 39. Kf3 Qf6+
40. Kg2 Qe5 41. Kf3 Qf6+ 42. Kg2 Ke7 43. Qd2 Qd6 44. Qe2 Qc6 45. Qe3 Qd6 46.
Qe2 Qc6 47. Qe3 Qd6 48. Qe2 Qc6 1/2-1/2

[Event "European Team-ch 2007"]
[Site "Crete GRE"]
[Date "2007.11.03"]
[Round "6.2"]
[White "Radjabov, Teimour"]
[Black "Pavasovic, Dusko"]
[Result "1/2-1/2"]
[WhiteElo "2742"]
[BlackElo "2597"]
[PlyCount "121"]
[EventDate "2007.10.28"]
[EventType "team"]
[EventRounds "9"]
[EventCountry "GRE"]
[Source "lmi"]
[SourceDate "2007.10.28"]
[WhiteTeam "Azerbaijan"]
[BlackTeam "Slovenija"]
[WhiteTeamCountry "AZE"]
[BlackTeamCountry "SLO"]

1. c4 e6 2. Nf3 d5 3. d4 Nf6 4. g3 dxc4 5. Bg2 a6 6. O-O b5 7. Ne5 Nd5 8. a4
Bb7 9. e4 Nf6 10. d5 Nbd7 11. Nc6 Bxc6 12. dxc6 Ne5 13. Bf4 Bd6 14. axb5 axb5
15. Nc3 Rb8 16. Ra5 Nxc6 17. Rxb5 Bxf4 18. Rxb8 Nxb8 19. gxf4 Qxd1 20. Rxd1 Nh5
21. Ne2 Nd7 22. Bf3 g6 23. Ra1 Nb6 24. Ra5 Nf6 25. Nc3 Kd7 26. Kf1 Rb8 27. Rc5
c6 28. Ra5 Ra8 29. Rxa8 Nxa8 30. Ke2 Nb6 31. Ke3 Ke7 32. Kd4 Nfd7 33. Be2 f6
34. Nd1 Kd6 35. Bxc4 g5 36. fxg5 Nxc4 37. Kxc4 fxg5 38. Kd4 Ne5 39. h3 Ng6 40.
Ke3 Ke5 41. b3 Nf4 42. Nb2 Kd6 43. h4 Ng2+ 44. Kf3 Nxh4+ 45. Kg4 Ke5 46. Kxg5
Nf3+ 47. Kh6 Kxe4 48. Kxh7 Nd4 49. Kg6 Nxb3 50. Kf6 Nd4 51. Nc4 c5 52. Ke7 Kd5
53. Ne3+ Kc6 54. Kf6 Kd6 55. f4 Ne2 56. f5 exf5 57. Kxf5 Nc3 58. Nc4+ Kd5 59.
Nb6+ Kd4 60. Nd7 c4 61. Ne5 1/2-1/2

[Event "European Team-ch 2007"]
[Site "Crete GRE"]
[Date "2007.11.03"]
[Round "6.2"]
[White "Lenic, Luka"]
[Black "Gashimov, Vugar"]
[Result "1/2-1/2"]
[WhiteElo "2531"]
[BlackElo "2663"]
[PlyCount "29"]
[EventDate "2007.10.28"]
[EventType "team"]
[EventRounds "9"]
[EventCountry "GRE"]
[Source "lmi"]
[SourceDate "2007.10.28"]
[WhiteTeam "Slovenija"]
[BlackTeam "Azerbaijan"]
[WhiteTeamCountry "SLO"]
[BlackTeamCountry "AZE"]

1. Nf3 Nf6 2. c4 e6 3. Nc3 c5 4. g3 b6 5. Bg2 Bb7 6. O-O Be7 7. d4 cxd4 8. Qxd4
d6 9. Bg5 a6 10. Bxf6 Bxf6 11. Qf4 O-O 12. Rfd1 Be7 13. Ne4 Bxe4 14. Qxe4 Ra7
15. Nd4 1/2-1/2

[Event "European Team-ch 2007"]
[Site "Crete GRE"]
[Date "2007.11.03"]
[Round "6.2"]
[White "Guseinov, Gadir"]
[Black "Borisek, Jure"]
[Result "0-1"]
[WhiteElo "2614"]
[BlackElo "2508"]
[PlyCount "214"]
[EventDate "2007.10.28"]
[EventType "team"]
[EventRounds "9"]
[EventCountry "GRE"]
[Source "lmi"]
[SourceDate "2007.10.28"]
[WhiteTeam "Azerbaijan"]
[BlackTeam "Slovenija"]
[WhiteTeamCountry "AZE"]
[BlackTeamCountry "SLO"]

1. e4 e5 2. Nf3 Nc6 3. Bb5 a6 4. Ba4 Nf6 5. d3 d6 6. c3 Be7 7. O-O O-O 8. Re1
b5 9. Bc2 Re8 10. Nbd2 Bf8 11. Nf1 Nb8 12. Ng3 g6 13. a4 Bb7 14. h3 Nbd7 15. d4
c5 16. d5 c4 17. Be3 Nc5 18. Qd2 Rb8 19. Bg5 Be7 20. Bh6 Bc8 21. axb5 axb5 22.
Nh2 Kh8 23. Be3 h5 24. Nf3 Bf8 25. Ra7 Kg8 26. Bg5 Bd7 27. Rea1 Be7 28. Be3 Bf8
29. Qe2 Qb6 30. Nd2 Rb7 31. R7a2 Qc7 32. Ngf1 Bc8 33. Rc1 Nfd7 34. b4 cxb3 35.
Bxb3 Nf6 36. Bc2 Bd7 37. Bb1 Na4 38. Rac2 Rc8 39. Bg5 Nh7 40. Be3 Nf6 41. Qf3
Be7 42. Ba2 Be8 43. Nb3 Nd7 44. Ng3 Qd8 45. Bb1 Ndb6 46. Na5 Rbc7 47. Ba2 h4
48. Nf1 Bg5 49. Nc6 Bxc6 50. dxc6 Nc4 51. Bxc4 bxc4 52. Ra1 Nc5 53. Bxc5 dxc5
54. Rd1 Qe7 55. Qe2 Rxc6 56. Qxc4 Bf4 57. Rb2 Qe6 58. Qe2 Rd6 59. Rbb1 Rcd8 60.
Rxd6 Qxd6 61. Rb5 Ra8 62. Rb1 Rd8 63. Rb5 Ra8 64. Qc4 Ra1 65. Qd5 Qf6 66. Qd3
Ra2 67. Rb8+ Kh7 68. Qd8 Qxd8 69. Rxd8 Rc2 70. Rd3 c4 71. Rd7 Rxc3 72. Rxf7+
Kg8 73. Rc7 Rc1 74. g3 hxg3 75. fxg3 Bxg3 76. Kg2 Bf4 77. Kf2 Rc2+ 78. Kf3 g5
79. Rc8+ Kf7 80. Rc7+ Ke6 81. Rc6+ Ke7 82. Rc7+ Kd8 83. Rc6 Kd7 84. Rc5 Rc3+
85. Ke2 Rxh3 86. Rxc4 Ra3 87. Rc2 g4 88. Kf2 Rd3 89. Kg2 Ke6 90. Rc6+ Kf7 91.
Rc2 Ra3 92. Re2 Kf6 93. Rc2 Kg5 94. Re2 g3 95. Kh3 Ra8 96. Rc2 Ra1 97. Kg2 Kg4
98. Re2 Ra4 99. Ne3+ Bxe3 100. Rxe3 Ra2+ 101. Kg1 Kf4 102. Re1 Kf3 103. Rb1
Kxe4 104. Rb4+ Kf3 105. Rb3+ Kf4 106. Rb4+ e4 107. Rb3 e3 0-1

[Event "European Team-ch 2007"]
[Site "Crete GRE"]
[Date "2007.11.03"]
[Round "6.3"]
[White "Navara, David"]
[Black "Ivanchuk, Vassily"]
[Result "1/2-1/2"]
[WhiteElo "2656"]
[BlackElo "2787"]
[PlyCount "44"]
[EventDate "2007.10.28"]
[EventType "team"]
[EventRounds "9"]
[EventCountry "GRE"]
[Source "lmi"]
[SourceDate "2007.10.28"]
[WhiteTeam "Czech Republic"]
[BlackTeam "Ukraine"]
[WhiteTeamCountry "CZE"]
[BlackTeamCountry "UKR"]

1. e4 e5 2. Nf3 Nf6 3. Nxe5 d6 4. Nf3 Nxe4 5. d4 d5 6. Bd3 Bd6 7. O-O O-O 8. c4
c6 9. Nc3 Nxc3 10. bxc3 dxc4 11. Bxc4 Bg4 12. h3 Bh5 13. Re1 Nd7 14. g4 Bg6 15.
Bg5 Qc7 16. Nh4 b5 17. Nxg6 hxg6 18. Bb3 a5 19. Qf3 Nb6 20. Re2 Rae8 21. Rae1
Rxe2 22. Rxe2 Qd7 1/2-1/2

[Event "European Team-ch 2007"]
[Site "Crete GRE"]
[Date "2007.11.03"]
[Round "6.3"]
[White "Areshchenko, Alexander"]
[Black "Polak, Tomas"]
[Result "1-0"]
[WhiteElo "2638"]
[BlackElo "2540"]
[PlyCount "77"]
[EventDate "2007.10.28"]
[EventType "team"]
[EventRounds "9"]
[EventCountry "GRE"]
[Source "lmi"]
[SourceDate "2007.10.28"]
[WhiteTeam "Ukraine"]
[BlackTeam "Czech Republic"]
[WhiteTeamCountry "UKR"]
[BlackTeamCountry "CZE"]

1. e4 c6 2. d4 d5 3. e5 Bf5 4. Nf3 e6 5. Be2 Nd7 6. O-O Bg6 7. Nbd2 Nh6 8. c3
Be7 9. Ne1 f6 10. exf6 gxf6 11. Ndf3 Nf7 12. Nd3 e5 13. Nh4 Qc7 14. f4 e4 15.
f5 exd3 16. Bxd3 Bd6 17. Qe2+ Kd8 18. h3 Re8 19. Qd1 Rg8 20. fxg6 hxg6 21. Nxg6
Qb6 22. Kh1 Kc7 23. Nh4 Raf8 24. Nf5 c5 25. a4 Kd8 26. Qf3 c4 27. Bc2 Qa5 28.
b4 cxb3 29. Bxb3 Nb6 30. Nxd6 Nxd6 31. Ba3 Kd7 32. Bb4 Qa6 33. a5 Nbc8 34. Bxd5
Rg5 35. Bxb7 Qc4 36. Bxc8+ Qxc8 37. Bxd6 Kxd6 38. Rab1 Qc4 39. Rb7 1-0

[Event "European Team-ch 2007"]
[Site "Crete GRE"]
[Date "2007.11.03"]
[Round "6.4"]
[White "Almasi, Zoltan"]
[Black "Aronian, Levon"]
[Result "1/2-1/2"]
[WhiteElo "2691"]
[BlackElo "2741"]
[PlyCount "47"]
[EventDate "2007.10.28"]
[EventType "team"]
[EventRounds "9"]
[EventCountry "GRE"]
[Source "lmi"]
[SourceDate "2007.10.28"]
[WhiteTeam "Hungary"]
[BlackTeam "Armenia"]
[WhiteTeamCountry "HUN"]
[BlackTeamCountry "ARM"]

1. e4 e5 2. Nf3 Nc6 3. Bc4 Bc5 4. c3 Nf6 5. d3 d6 6. Bb3 a6 7. h3 Ba7 8. O-O
O-O 9. Re1 Be6 10. Bc2 d5 11. exd5 Qxd5 12. Bg5 Nd7 13. Nbd2 Rfe8 14. Be3 Bxe3
15. Rxe3 h6 16. b4 Nf6 17. Qe1 Qd8 18. Nxe5 Nd5 19. Nxc6 bxc6 20. Re5 Nxc3 21.
Bb3 Nd5 22. Nf3 Nf4 23. Bxe6 Rxe6 24. Rxe6 1/2-1/2

[Event "European Team-ch 2007"]
[Site "Crete GRE"]
[Date "2007.11.03"]
[Round "6.4"]
[White "Berkes, Ferenc"]
[Black "Sargissian, Gabriel"]
[Result "1/2-1/2"]
[WhiteElo "2606"]
[BlackElo "2673"]
[PlyCount "37"]
[EventDate "2007.10.28"]
[EventType "team"]
[EventRounds "9"]
[EventCountry "GRE"]
[Source "lmi"]
[SourceDate "2007.10.28"]
[WhiteTeam "Hungary"]
[BlackTeam "Armenia"]
[WhiteTeamCountry "HUN"]
[BlackTeamCountry "ARM"]

1. d4 Nf6 2. c4 e6 3. Nf3 b6 4. a3 Bb7 5. Nc3 d5 6. cxd5 Nxd5 7. Qc2 Be7 8. e4
Nxc3 9. bxc3 Nd7 10. Bd3 c5 11. O-O Qc7 12. Qe2 O-O 13. a4 Rfd8 14. Be3 Rac8
15. Nd2 Nb8 16. Nf3 Nc6 17. dxc5 Bxc5 18. Bxc5 bxc5 19. Ba6 1/2-1/2

[Event "European Team-ch 2007"]
[Site "Crete GRE"]
[Date "2007.11.03"]
[Round "6.4"]
[White "Asrian, Karen"]
[Black "Ruck, Robert"]
[Result "1/2-1/2"]
[WhiteElo "2623"]
[BlackElo "2561"]
[PlyCount "42"]
[EventDate "2007.10.28"]
[EventType "team"]
[EventRounds "9"]
[EventCountry "GRE"]
[Source "lmi"]
[SourceDate "2007.10.28"]
[WhiteTeam "Armenia"]
[BlackTeam "Hungary"]
[WhiteTeamCountry "ARM"]
[BlackTeamCountry "HUN"]

1. e4 c6 2. d4 d5 3. e5 Bf5 4. Nd2 e6 5. Nb3 Nd7 6. Nf3 h5 7. Be2 Be7 8. O-O
Nh6 9. Bd2 Bg6 10. c4 dxc4 11. Na5 Qb8 12. Nxc4 Nb6 13. Qb3 Nxc4 14. Bxc4 Qc7
15. Bg5 Be4 16. Rfe1 Bxf3 17. Bxe7 Qxe7 18. Qxf3 Nf5 19. Rad1 g6 20. Qc3 Rd8
21. Bb3 O-O 1/2-1/2

[Event "European Team-ch 2007"]
[Site "Crete GRE"]
[Date "2007.11.03"]
[Round "6.5"]
[White "Bacrot, Etienne"]
[Black "Cheparinov, Ivan"]
[Result "1/2-1/2"]
[WhiteElo "2695"]
[BlackElo "2670"]
[PlyCount "47"]
[EventDate "2007.10.28"]
[EventType "team"]
[EventRounds "9"]
[EventCountry "GRE"]
[Source "lmi"]
[SourceDate "2007.10.28"]
[WhiteTeam "France"]
[BlackTeam "Bulgaria"]
[WhiteTeamCountry "FRA"]
[BlackTeamCountry "BUL"]

1. c4 Nf6 2. Nf3 g6 3. g3 Bg7 4. Bg2 O-O 5. Nc3 c6 6. d4 d5 7. cxd5 cxd5 8. Ne5
e6 9. O-O Nfd7 10. f4 Nc6 11. e3 Nb6 12. b3 Bd7 13. Ba3 Ne7 14. Rc1 Re8 15. Qd2
Bc6 16. Rc2 Nbc8 17. Nxc6 Nxc6 18. Na4 Nd6 19. Rfc1 Rc8 20. Nc5 Ne7 21. Nd3
Rxc2 22. Rxc2 Nef5 23. Bxd6 Nxd6 24. Qc3 1/2-1/2

[Event "European Team-ch 2007"]
[Site "Crete GRE"]
[Date "2007.11.03"]
[Round "6.5"]
[White "Fressinet, Laurent"]
[Black "Delchev, Aleksander"]
[Result "1/2-1/2"]
[WhiteElo "2654"]
[BlackElo "2613"]
[PlyCount "103"]
[EventDate "2007.10.28"]
[EventType "team"]
[EventRounds "9"]
[EventCountry "GRE"]
[Source "lmi"]
[SourceDate "2007.10.28"]
[WhiteTeam "France"]
[BlackTeam "Bulgaria"]
[WhiteTeamCountry "FRA"]
[BlackTeamCountry "BUL"]

1. e4 e5 2. Nf3 Nc6 3. Bb5 a6 4. Ba4 Nf6 5. d3 Bc5 6. Nc3 d6 7. Nd5 Nxd5 8.
exd5 b5 9. dxc6 bxa4 10. c3 Qf6 11. Be3 Bg4 12. h3 Bxf3 13. Qxf3 Qxf3 14. gxf3
Bxe3 15. fxe3 Rb8 16. O-O-O Rb6 17. a3 O-O 18. Rhg1 Rxc6 19. Rg4 d5 20. Rxa4
Rf6 21. Rf1 Rd8 22. Rg4 Kf8 23. Kc2 Rdd6 24. c4 Rc6 25. Kb3 Rfd6 26. Kc3 f5 27.
Rg5 g6 28. Rg2 Kg7 29. b4 dxc4 30. dxc4 e4 31. fxe4 fxe4 32. c5 Rd3+ 33. Kc4
Rf6 34. Rxf6 Kxf6 35. a4 Rxe3 36. b5 axb5+ 37. axb5 Rxh3 38. b6 cxb6 39. cxb6
Rd3 40. b7 Rd8 41. Kc5 Ke5 42. Kb6 e3 43. Rc2 Rb8 44. Rc8 Rxb7+ 45. Kxb7 g5 46.
Kc6 g4 47. Kc5 Ke4 48. Kc4 g3 49. Re8+ Kf3 50. Kd3 g2 51. Rf8+ Kg3 52. Rg8+
1/2-1/2

[Event "European Team-ch 2007"]
[Site "Crete GRE"]
[Date "2007.11.03"]
[Round "6.6"]
[White "Halkias, Stelios"]
[Black "Vallejo Pons, Francisco"]
[Result "0-1"]
[WhiteElo "2590"]
[BlackElo "2660"]
[PlyCount "68"]
[EventDate "2007.10.28"]
[EventType "team"]
[EventRounds "9"]
[EventCountry "GRE"]
[Source "lmi"]
[SourceDate "2007.10.28"]
[WhiteTeam "Greece"]
[BlackTeam "Espana"]
[WhiteTeamCountry "GRE"]
[BlackTeamCountry "ESP"]

1. d4 d5 2. c4 dxc4 3. Nf3 Nf6 4. e3 e6 5. Bxc4 a6 6. O-O c5 7. a3 b5 8. Ba2
Bb7 9. Nc3 Bd6 10. Qe2 Nbd7 11. Rd1 Qb8 12. d5 exd5 13. Bxd5 Nxd5 14. Nxd5 O-O
15. a4 c4 16. Qc2 Nc5 17. Qf5 Qc8 18. Qh5 Qe6 19. axb5 axb5 20. Rxa8 Bxa8 21.
Nc3 b4 22. Nb5 Bxf3 23. Qxf3 Be5 24. Nd4 Bxd4 25. exd4 Nd3 26. d5 Qe5 27. Qg4
Qxd5 28. Be3 h5 29. Qh4 Re8 30. h3 Re6 31. Ra1 Rg6 32. g4 hxg4 33. hxg4 Ne5 34.
Qh3 Rxg4+ 0-1

[Event "European Team-ch 2007"]
[Site "Crete GRE"]
[Date "2007.11.03"]
[Round "6.6"]
[White "Illescas Cordoba, Miguel"]
[Black "Mastrovasilis, Dimitrios"]
[Result "1/2-1/2"]
[WhiteElo "2598"]
[BlackElo "2559"]
[PlyCount "103"]
[EventDate "2007.10.28"]
[EventType "team"]
[EventRounds "9"]
[EventCountry "GRE"]
[Source "lmi"]
[SourceDate "2007.10.28"]
[WhiteTeam "Espana"]
[BlackTeam "Greece"]
[WhiteTeamCountry "ESP"]
[BlackTeamCountry "GRE"]

1. d4 d5 2. c4 c6 3. e3 Nf6 4. Nc3 e6 5. Nf3 Nbd7 6. Bd3 dxc4 7. Bxc4 b5 8. Bd3
a6 9. e4 c5 10. e5 cxd4 11. Nxb5 Ng4 12. Nd6+ Bxd6 13. exd6 Qa5+ 14. Qd2 Qd5
15. Qg5 Qxg5 16. Bxg5 f6 17. Bd2 Nc5 18. Bb1 e5 19. O-O Nh6 20. Rc1 Ne6 21. Rc6
Bb7 22. Rb6 Bd5 23. Bc2 Kf7 24. Bb3 Bxb3 25. Rb7+ Kg6 26. axb3 Rhb8 27. Re7 Re8
28. Rxe8 Rxe8 29. Rxa6 Rd8 30. Bxh6 gxh6 31. b4 Kf5 32. Nd2 Nf8 33. f3 Ke6 34.
g4 Nd7 35. Ne4 Rc8 36. b3 h5 37. h3 hxg4 38. hxg4 h5 39. gxh5 f5 40. Ng5+ Kf6
41. f4 d3 42. Kf2 Rc2+ 43. Ke3 e4 44. Ra1 Rh2 45. Nxe4+ fxe4 46. Kxe4 Rxh5 47.
Kxd3 Rd5+ 48. Kc3 Rxd6 49. b5 Ke7 50. Ra6 Rd1 51. Rh6 Rf1 52. Rh4 1/2-1/2

[Event "European Team-ch 2007"]
[Site "Crete GRE"]
[Date "2007.11.03"]
[Round "6.6"]
[White "Papaioannou, Ioannis"]
[Black "Khamrakulov, Ibragim S"]
[Result "1/2-1/2"]
[WhiteElo "2573"]
[BlackElo "2604"]
[PlyCount "32"]
[EventDate "2007.10.28"]
[EventType "team"]
[EventRounds "9"]
[EventCountry "GRE"]
[Source "lmi"]
[SourceDate "2007.10.28"]
[WhiteTeam "Greece"]
[BlackTeam "Espana"]
[WhiteTeamCountry "GRE"]
[BlackTeamCountry "ESP"]

1. d4 Nf6 2. Bg5 e6 3. e4 c5 4. d5 h6 5. Bxf6 Qxf6 6. Nc3 d6 7. Bb5+ Nd7 8.
dxe6 fxe6 9. Nf3 a6 10. e5 Qf4 11. Bxd7+ Bxd7 12. exd6 O-O-O 13. Qd2 Qf5 14.
Qe2 Bxd6 15. O-O Bc6 16. Rfe1 Rhe8 1/2-1/2

[Event "European Team-ch 2007"]
[Site "Crete GRE"]
[Date "2007.11.03"]
[Round "6.7"]
[White "Sokolov, Ivan"]
[Black "Lie, Kjetil A"]
[Result "1-0"]
[WhiteElo "2673"]
[BlackElo "2563"]
[PlyCount "121"]
[EventDate "2007.10.28"]
[EventType "team"]
[EventRounds "9"]
[EventCountry "GRE"]
[Source "lmi"]
[SourceDate "2007.10.28"]
[WhiteTeam "Netherlands"]
[BlackTeam "Norway"]
[WhiteTeamCountry "NED"]
[BlackTeamCountry "NOR"]

1. d4 Nf6 2. c4 e6 3. Nc3 Bb4 4. Qc2 d5 5. a3 Bxc3+ 6. Qxc3 Ne4 7. Qc2 c5 8.
dxc5 Nc6 9. e3 Qa5+ 10. Bd2 Qxc5 11. b4 Qe7 12. Bc1 a5 13. b5 Ne5 14. Bb2 Ng4
15. Nh3 O-O 16. Bd3 f5 17. Qe2 Qh4 18. Rc1 Bd7 19. cxd5 exd5 20. O-O Qh6 21. f3
Nxe3 22. Rfe1 f4 23. fxe4 Rae8 24. Rc7 Rf7 25. Rxd7 Rxd7 26. Nxf4 Qxf4 27. Qxe3
Qxe3+ 28. Rxe3 dxe4 29. Bc4+ Kf8 30. h4 g6 31. b6 Rd6 32. a4 Rxb6 33. Bb5 Rc8
34. Rxe4 Kf7 35. Kh2 Rc2 36. Ba3 Rc7 37. Rf4+ Ke6 38. Bb2 Ke7 39. Rf3 Rc2 40.
Bc3 Re6 41. Bxa5 Re4 42. Kh3 Rc5 43. Rd3 Ke6 44. Bd7+ Kf7 45. Bd8 Rcc4 46. Bg5
h6 47. Rf3+ Kg8 48. Bf6 Rc7 49. Bb5 Re6 50. Bd4 Re4 51. Bb2 g5 52. hxg5 hxg5
53. Kg3 Rc5 54. Rd3 Kf7 55. Bd4 Rf5 56. Bb6 Rfe5 57. Bd7 Rb4 58. a5 Rc4 59. Bg4
Ke8 60. Bf3 Re7 61. Rd8+ 1-0

[Event "European Team-ch 2007"]
[Site "Crete GRE"]
[Date "2007.11.03"]
[Round "6.7"]
[White "Lie, Espen"]
[Black "Stellwagen, Daniel"]
[Result "1-0"]
[WhiteElo "2421"]
[BlackElo "2639"]
[PlyCount "161"]
[EventDate "2007.10.28"]
[EventType "team"]
[EventRounds "9"]
[EventCountry "GRE"]
[Source "lmi"]
[SourceDate "2007.10.28"]
[WhiteTeam "Norway"]
[BlackTeam "Netherlands"]
[WhiteTeamCountry "NOR"]
[BlackTeamCountry "NED"]

1. e4 c5 2. Nf3 e6 3. d4 cxd4 4. Nxd4 Nc6 5. Nc3 Qc7 6. Be3 a6 7. Bd3 b5 8.
Nxc6 Qxc6 9. O-O Bb7 10. Kh1 Nf6 11. f3 Qc7 12. Qe1 Be7 13. a4 b4 14. Ne2 d5
15. e5 Qxe5 16. Bf4 Qh5 17. Qd2 Nd7 18. c3 bxc3 19. Qxc3 f6 20. Qc7 Nc5 21. b4
Rc8 22. Qb6 Rc6 23. Qa7 Nxd3 24. Qxb7 Rc4 25. Qa8+ Bd8 26. Qxa6 Qf7 27. Bd6 Qd7
28. b5 Kf7 29. Ra3 Nb2 30. a5 Rc8 31. b6 Bxb6 32. axb6 Qxd6 33. Qb7+ Qe7 34.
Ra7 Qxb7 35. Rxb7+ Kg6 36. Nf4+ Kf5 37. Nh5 e5 38. g4+ Ke6 39. Rb1 Nd3 40.
Nxg7+ Kd6 41. Nf5+ Kc5 42. Ne7 Kd6 43. Nxc8+ Rxc8 44. Rf7 Rb8 45. b7 d4 46.
Rxf6+ Kc5 47. Re6 Kd5 48. Ra6 Nc5 49. Ra5 Kd6 50. Rb6+ Kc7 51. Rh6 Nd7 52. Rd5
Rxb7 53. Rxd7+ Kxd7 54. Rxh7+ Kc6 55. Rxb7 Kxb7 56. Kg2 Kc6 57. h4 Kd5 58. h5
Kc4 59. Kf2 Kb3 60. h6 d3 61. h7 d2 62. h8=Q d1=Q 63. Qxe5 Qd2+ 64. Qe2 Qd6 65.
Qe3+ Kc4 66. f4 Qh6 67. Qe4+ Kc5 68. Kg3 Kd6 69. Qe5+ Kd7 70. Qd5+ Kc7 71. g5
Qh5 72. Qe5+ Kd7 73. Qg7+ Ke8 74. g6 Qd1 75. Qf7+ Kd8 76. g7 Qg1+ 77. Kh4 Qf2+
78. Kg5 Qg3+ 79. Kh6 Qh3+ 80. Qh5 Qe6+ 81. Kh7 1-0

[Event "European Team-ch 2007"]
[Site "Crete GRE"]
[Date "2007.11.03"]
[Round "6.7"]
[White "L'ami, Erwin"]
[Black "Hammer, Jon Ludvig"]
[Result "1-0"]
[WhiteElo "2577"]
[BlackElo "2402"]
[PlyCount "68"]
[EventDate "2007.10.28"]
[EventType "team"]
[EventRounds "9"]
[EventCountry "GRE"]
[Source "lmi"]
[SourceDate "2007.10.28"]
[WhiteTeam "Netherlands"]
[BlackTeam "Norway"]
[WhiteTeamCountry "NED"]
[BlackTeamCountry "NOR"]

1. d4 Nf6 2. c4 e6 3. Nf3 b6 4. a3 Ba6 5. e3 d5 6. Nbd2 Be7 7. b4 O-O 8. Bb2
dxc4 9. Bxc4 Bxc4 10. Nxc4 Qd5 11. Qc2 a5 12. bxa5 bxa5 13. O-O Nbd7 14. Rfd1
c5 15. Nce5 Nxe5 16. dxe5 Qe4 17. Rac1 Qxc2 18. Rxc2 Nd5 19. Nd2 Rfd8 20. Nc4
Nb6 21. Nd6 Nc8 22. Rcd2 Nxd6 23. exd6 Bf6 24. e4 Bxb2 25. Rxb2 e5 26. h4 f6
27. Rb5 Ra6 28. Rxc5 Raxd6 29. Rxd6 Rxd6 30. Rxa5 Rd1+ 31. Kh2 h5 32. f3 Ra1
33. Ra8+ Kh7 34. a4 g6 1-0